Times por Escudo - Brasileirão Serie B 2023 - Statistics

Estatísticas Gerais
  • Esse quiz foi jogado 445 vezes
  • A pontuação média é 17 de 20
Estatísticas das Respostas
Imagem Resposta % Correto
Juventude
99%
Ituano
95%
Sport
95%
Mirassol
92%
Ponte Preta
92%
Vila Nova
92%
Avaí
91%
Criciúma
91%
Sampaio Corrêa
91%
Vitória
89%
ABC
88%
CRB
88%
Ceará
87%
Chapecoense
85%
Londrina
84%
Atlético GO
82%
Guarani
77%
Novorizontino
77%
Botafogo SP
76%
Tombense
74%
Nenhum quiz correspondente encontrado
Distribuição das Pontuações
Porcentagem de Pessoas com Cada Pontuação
Percentil de Números Respondidos
Sua Pontuação Histórica
Você não jogou esse quiz